| 000 | 00487nam a2200217Ia 4500 | ||
|---|---|---|---|
| 003 | 0100 | ||
| 008 | 130303s9999 xx 000 0 und d | ||
| 020 | _a0521096677 | ||
| 040 | _cARRUPELIB | ||
| 050 | _aB317.G779 | ||
| 100 | _aGuthrie, W. K. C | ||
| 245 | _aSocrates | ||
| 260 | _aLondon | ||
| 260 | _bCambridge University Press | ||
| 260 | _C1971 | ||
| 300 | _avii | ||
| 300 | _b 200p. 23cm. | ||
| 650 | _aPHILOSOPHY | ||
| 650 | _bRelativity Postmodernism | ||
| 942 | 0 | 0 | _01 |
| 999 |
_c13321 _d13321 |
||